La pena de deportación y la colonización por penados / (Record no. 152918)

MARC details
000 -LEADER
campo de control de longitud fija 01176nam a2200229 i 4500
001 - NÚMERO DE CONTROL
campo de control 152918
003 - IDENTIFICADOR DE NÚMERO DE CONTROL
campo de control ES-MaACL
005 - FECHA Y HORA DE LA ÚLTIMA TRANSACCIÓN
campo de control 20250719062536.0
008 - DATOS DE LONGITUD FIJA--INFORMACIÓN GENERAL
campo de control de longitud fija 990726s1895 sp |||| | spa d
080 ## - NÚMERO DE LA CLASIFICACIÓN DECIMAL UNIVERSAL
Número de la Clasificación Decimal Universal 343.264
100 1# - ENTRADA PRINCIPAL--NOMBRE DE PERSONA
Nombre de persona Cadalso, Fernando.
9 (RLIN) 33372
245 13 - MENCIÓN DEL TÍTULO
Título La pena de deportación y la colonización por penados /
Mención de responsabilidad, etc. escrita por Don Fernando Cadalso.
260 ## - PUBLICACIÓN, DISTRIBUCIÓN, ETC.
Lugar de publicación, distribución, etc. Madrid :
Nombre del editor, distribuidor, etc. [s.n.],
Fecha de publicación, distribución, etc. 1895 (
Fabricante Imp. de José Góngora Álvarez)
300 ## - DESCRIPCIÓN FÍSICA
Extensión 68 p. ;
Dimensiones 23 cm.
530 ## - NOTA DISPONIBLE DE FORMULARIO FÍSICO ADICIONAL
Nota de formato físico adicional disponible Disponible en formato digital.
650 #4 - PUNTO DE ACCESO ADICIONAL DE MATERIA--TÉRMINO DE MATERIA
Término de materia o nombre geográfico como elemento de entrada Deportación.
9 (RLIN) 135876
852 4# - LOCALIZACIÓN
Ubicación ES-MaACL
Sublocalización o colección R.FOLL.3/4
Número de control de estantería D-77(4)
Signatura antigua Olim: 193-C-16
itemnumber 158472
Donativo/Legado Donación: Francisco Lastres y Juiz
Encuadernación Encuadernación holandesa.
-- Encuadernación con otras obras formando un volumen facticio
Anotaciones manuscritas Anotación manuscrita en portada: "Folletos penitenciarios Tomo16"
Ubicación en estantería Sala Valle Inclán
Marcas de propiedad Sello en tinta en portada: "Donativo del Sr. Lastres all Ateneo de Madrid, 1907".
Nota libre
856 4# - LOCALIZACIÓN Y ACCESO ELECTRÓNICOS
Identificador Uniforme de Recursos <a href="http://bdh-rd.bne.es/viewer.vm?id=0000252595&page=1 ">http://bdh-rd.bne.es/viewer.vm?id=0000252595&page=1 </a>
Texto de enlace Versión en línea
Nota pública Biblioteca Digital Hispánica
903 ## - NOMBRE PERSONAL DE DONANTE
a Lastres y Juiz, Francisco,
d 1848-1918
q 1
e Donante
9 70504
942 ## - ELEMENTOS DE ENTRADA SECUNDARIOS (KOHA)
Fuente del sistema de clasificación o colocación Clasificación decimal universal
Tipo de ítem Koha Folleto
Holdings
Estatus retirado Estado de pérdida Fuente del sistema de clasificación o colocación Estado de daño No para préstamo Colección Biblioteca de origen Biblioteca actual Ubicación en estantería Fecha de adquisición Fuente de adquisición Total de préstamos Signatura topográfica completa Código de barras Visto por última vez Precio de reemplazo Tipo de ítem Koha
    Clasificación decimal universal     Colección de folletos Biblioteca del Ateneo de Madrid Biblioteca del Ateneo de Madrid Sala Valle Inclán 17/01/2008 Donación   D-77(4) 901159723 23/02/2023 23/02/2023 Folleto